[Event "7. Open C.A. Ciudad los Angeles 2012"]
[Site "Madrid ESP"]
[Date "2013.04.28"]
[Round "4.8"]
[White "Pindado Campos, Raul"]
[Black "Sorribes Calle, Pablo"]
[Result "1-0"]
[WhiteElo "1879"]
[BlackElo "1663"]
[PlyCount "97"]
[EventDate "2013.04.07"]
[EventType "swiss"]
[EventRounds "9"]
[EventCountry "ESP"]
[SourceTitle "Ajedrez en Madrid"]
[Source "lmi"]
[SourceDate "2013.04.07"]
[SourceVersion "1"]
[SourceVersionDate "2013.08.06"]
[SourceQuality "1"]

1. f4 d5 2. Nf3 c5 3. e3 Nc6 4. Be2 g6 5. O-O Bg7 6. d4 c4 7. b3 cxb3 8. axb3
Nf6 9. c4 O-O 10. Nc3 e6 11. Ne5 Ne7 12. Bf3 b6 13. Ba3 Bb7 14. Nb5 Ne4 15.
Bxe4 dxe4 16. Nd6 Rb8 17. Qb1 f6 18. Nxb7 Rxb7 19. Qxe4 Rc7 20. Nf3 Qd7 21. Ra2
Re8 22. Bxe7 Qxe7 23. Rd1 Qb4 24. Qd3 Rd8 25. e4 b5 26. Rc2 bxc4 27. Rxc4 Rxc4
28. Qxc4 Qxc4 29. bxc4 e5 30. fxe5 fxe5 31. d5 Rc8 32. d6 Rc5 33. d7 Bf6 34.
d8=Q+ Bxd8 35. Rxd8+ Kg7 36. Rd7+ Kf6 37. Nd2 Ra5 38. Rxh7 Ra2 39. Rd7 a5 40.
Kf2 a4 41. Ke2 a3 42. Ra7 Ra1 43. c5 a2 44. c6 Rc1 45. Rxa2 Rxc6 46. Ra1 Rc5
47. Kf2 Kg5 48. Kg3 Rc3+ 49. Nf3+ 1-0

[Event "7. Open C.A. Ciudad los Angeles 2012"]
[Site "Madrid ESP"]
[Date "2013.04.28"]
[Round "4.10"]
[White "Sotres Menendez, Raul"]
[Black "Fernandez Bonilla, M. Arcangel"]
[Result "0-1"]
[WhiteElo "1606"]
[BlackElo "1769"]
[PlyCount "108"]
[EventDate "2013.04.07"]
[EventType "swiss"]
[EventRounds "9"]
[EventCountry "ESP"]
[SourceTitle "Ajedrez en Madrid"]
[Source "lmi"]
[SourceDate "2013.04.07"]
[SourceVersion "1"]
[SourceVersionDate "2013.08.06"]
[SourceQuality "1"]

1. d4 Nf6 2. c4 e6 3. Nc3 Bb4 4. Nf3 O-O 5. Bg5 d5 6. e3 Nbd7 7. Bd3 c5 8. O-O
dxc4 9. Bxc4 Qa5 10. Qc2 Bxc3 11. bxc3 b5 12. Be2 Bb7 13. a4 b4 14. cxb4 cxb4
15. Bxf6 Nxf6 16. Ne5 Rfc8 17. Qb2 Nd5 18. Nc4 Qd8 19. Rfc1 Nc3 20. Rxc3 bxc3
21. Qxb7 Rab8 22. Qe4 Rb4 23. Bd3 g6 24. Ne5 Rb2 25. Bc2 Qc7 26. h4 Qb7 27. Qd3
Qe7 28. h5 Qg5 29. hxg6 hxg6 30. Ra3 Qf5 31. e4 Qf4 32. Ra1 Qd2 33. Qf3 Rc7 34.
Ng4 Rxc2 35. Nf6+ Kg7 36. Ne8+ Kf8 37. Nxc7 Rc1+ 38. Rxc1 Qxc1+ 39. Kh2 Qh6+
40. Kg1 Qc1+ 41. Kh2 c2 42. Nxe6+ Ke7 43. Nf4 Qd1 44. Nd3 Qxd3 45. Qxd3 c1=Q
46. g3 Qh6+ 47. Kg2 Qg5 48. d5 Qe5 49. Qc4 f5 50. exf5 gxf5 51. Kf3 Kf6 52.
Qc6+ Kg5 53. d6 Qe6 54. Qc7 Qe4# 0-1

[Event "7. Open C.A. Ciudad los Angeles 2012"]
[Site "Madrid ESP"]
[Date "2013.04.28"]
[Round "4.12"]
[White "Savchuk, Olga"]
[Black "Al-Zarif Zabala, Bassam"]
[Result "1/2-1/2"]
[WhiteElo "1514"]
[BlackElo "1797"]
[PlyCount "123"]
[EventDate "2013.04.07"]
[EventType "swiss"]
[EventRounds "9"]
[EventCountry "ESP"]
[SourceTitle "Ajedrez en Madrid"]
[Source "lmi"]
[SourceDate "2013.04.07"]
[SourceVersion "1"]
[SourceVersionDate "2013.08.06"]
[SourceQuality "1"]

1. e4 c5 2. Nf3 Nf6 3. Nc3 e6 4. d4 d5 5. exd5 Nxd5 6. Ne4 cxd4 7. Nxd4 Be7 8.
c4 Nf6 9. Nc3 O-O 10. Be2 Qb6 11. O-O Rd8 12. Be3 Na6 13. Qb3 Bc5 14. Qxb6 Bxb6
15. Nc2 Bxe3 16. Nxe3 Bd7 17. Bf3 Rab8 18. a3 b5 19. Rad1 bxc4 20. Nxc4 Nc7 21.
Rd2 Nb5 22. Ne4 Nxe4 23. Bxe4 Be8 24. Rfd1 Rxd2 25. Rxd2 Rc8 26. Ne3 a5 27. a4
Na7 28. b3 Rc1+ 29. Rd1 Rxd1+ 30. Nxd1 Bc6 31. Nc3 Bxe4 32. Nxe4 Nc6 33. Nd2
Kf8 34. Kf1 Ke7 35. Ke1 Kd6 36. Kd1 Kc5 37. Kc2 Kb4 38. h3 Nd4+ 39. Kb2 e5 40.
f3 f5 41. g3 g5 42. h4 h6 43. h5 Ne2 44. g4 fxg4 45. fxg4 Nd4 46. Nc4 e4 47.
Ne3 Ne6 48. Nf5 Nf8 49. Kc2 Kc5 50. Nxh6 Kd4 51. Nf5+ Kc5 52. Ng3 e3 53. Kd3
Kb4 54. Kc2 Nh7 55. Ne4 e2 56. Kd2 Kxb3 57. Kxe2 Kxa4 58. Kd2 Kb5 59. Kc2 Kc4
60. Nd2+ Kd5 61. Kb3 Ke5 62. Nf1 1/2-1/2

[Event "7. Open C.A. Ciudad los Angeles 2012"]
[Site "Madrid ESP"]
[Date "2013.04.28"]
[Round "4.13"]
[White "Pindado Del Carmen, Eliseo"]
[Black "Leniz Martinez, Francisco"]
[Result "0-1"]
[WhiteElo "1594"]
[BlackElo "1771"]
[PlyCount "84"]
[EventDate "2013.04.07"]
[EventType "swiss"]
[EventRounds "9"]
[EventCountry "ESP"]
[SourceTitle "Ajedrez en Madrid"]
[Source "lmi"]
[SourceDate "2013.04.07"]
[SourceVersion "1"]
[SourceVersionDate "2013.08.06"]
[SourceQuality "1"]

1. d4 c5 2. Nf3 Nf6 3. c3 e6 4. Bf4 Qb6 5. Qb3 Qxb3 6. axb3 Nc6 7. e3 Be7 8.
Bd3 O-O 9. Nbd2 d5 10. Ne5 Nxe5 11. dxe5 Nd7 12. Bg3 f5 13. h3 Nb6 14. O-O Bd7
15. f4 a6 16. Bf2 Rac8 17. Be2 Kh8 18. Kh2 Be8 19. Rg1 Na8 20. g3 Nc7 21. c4
Bc6 22. Bf3 Rcd8 23. Rgd1 b6 24. Bg2 a5 25. Nb1 Ra8 26. Nc3 Rfd8 27. Na4 Rab8
28. Nc3 Ba8 29. Rd2 dxc4 30. Rxd8+ Rxd8 31. Bxa8 Nxa8 32. Rd1 Rxd1 33. Nxd1
cxb3 34. Nc3 Nc7 35. e4 g6 36. exf5 gxf5 37. g4 fxg4 38. hxg4 Nd5 39. Ne2 a4
40. Be1 a3 41. bxa3 b2 42. f5 b1=Q 0-1

[Event "7. Open C.A. Ciudad los Angeles 2012"]
[Site "Madrid ESP"]
[Date "2013.04.28"]
[Round "4.14"]
[White "Enfedaque Jimenez, Juan Carlos"]
[Black "Vivas Mariscal, Luis Miguel"]
[Result "1-0"]
[WhiteElo "1735"]
[BlackElo "1573"]
[PlyCount "69"]
[EventDate "2013.04.07"]
[EventType "swiss"]
[EventRounds "9"]
[EventCountry "ESP"]
[SourceTitle "Ajedrez en Madrid"]
[Source "lmi"]
[SourceDate "2013.04.07"]
[SourceVersion "1"]
[SourceVersionDate "2013.08.06"]
[SourceQuality "1"]

1. e4 d5 2. exd5 Qxd5 3. Nc3 Qa5 4. d4 Nf6 5. Nf3 Bf5 6. Bd3 Bxd3 7. Qxd3 e6 8.
Bd2 c6 9. Ne4 Qd8 10. Nxf6+ Qxf6 11. O-O-O Bd6 12. Kb1 Nd7 13. h4 Qe7 14. Rhe1
O-O-O 15. c4 c5 16. d5 e5 17. g4 h6 18. g5 hxg5 19. hxg5 g6 20. Re2 Rh3 21.
Rde1 Rdh8 22. Bc3 R8h4 23. Re4 Rxe4 24. Qxe4 f6 25. Qg4 Rh7 26. gxf6 Qxf6 27.
Bxe5 Bxe5 28. Rxe5 Kc7 29. Re6 Qf5+ 30. Qxf5 gxf5 31. Ne5 Rh1+ 32. Kc2 Re1 33.
f4 Re4 34. Re7 Kd6 35. Rxd7# 1-0

[Event "7. Open C.A. Ciudad los Angeles 2012"]
[Site "Madrid ESP"]
[Date "2013.04.28"]
[Round "4.15"]
[White "Bellod Thomas, Gonzalo"]
[Black "Gines Sanchez, Javier"]
[Result "1-0"]
[WhiteElo "1715"]
[BlackElo "1549"]
[PlyCount "49"]
[EventDate "2013.04.07"]
[EventType "swiss"]
[EventRounds "9"]
[EventCountry "ESP"]
[SourceTitle "Ajedrez en Madrid"]
[Source "lmi"]
[SourceDate "2013.04.07"]
[SourceVersion "1"]
[SourceVersionDate "2013.08.06"]
[SourceQuality "1"]

1. d4 Nf6 2. Nf3 e6 3. c4 b6 4. Bg5 Bb4+ 5. Nc3 h6 6. Bxf6 Qxf6 7. e3 Bb7 8.
Be2 d5 9. Qa4+ Nd7 10. Qxb4 c5 11. Qa4 cxd4 12. exd4 dxc4 13. O-O a6 14. Rfe1
b5 15. Qc2 O-O 16. Rac1 Qf4 17. Qd2 Qf6 18. Qe3 Qg6 19. Bf1 Nb6 20. Ne5 Qf5 21.
Be2 f6 22. Bg4 Qh7 23. Bxe6+ Kh8 24. Nf7+ Rxf7 25. Bxf7 1-0

[Event "7. Open C.A. Ciudad los Angeles 2012"]
[Site "Madrid ESP"]
[Date "2013.04.28"]
[Round "4.17"]
[White "Rausell Tamayo, Estrella"]
[Black "Salgado Duarte, Pablo"]
[Result "0-1"]
[WhiteElo "1280"]
[BlackElo "1607"]
[PlyCount "70"]
[EventDate "2013.04.07"]
[EventType "swiss"]
[EventRounds "9"]
[EventCountry "ESP"]
[SourceTitle "Ajedrez en Madrid"]
[Source "lmi"]
[SourceDate "2013.04.07"]
[SourceVersion "1"]
[SourceVersionDate "2013.08.06"]
[SourceQuality "1"]

1. e4 e5 2. Nf3 Nc6 3. d4 exd4 4. Nxd4 Qf6 5. c3 Nxd4 6. cxd4 Bb4+ 7. Bd2 Qxd4
8. Qc2 Nf6 9. Bxb4 Qxb4+ 10. Nd2 c6 11. a3 Qd4 12. Bd3 d6 13. Nf3 Qb6 14. O-O
O-O 15. Rad1 c5 16. h3 Be6 17. Be2 Bb3 18. Qc1 Bxd1 19. Rxd1 Nxe4 20. Qc4 Nf6
21. Rd2 Rad8 22. Ng5 d5 23. Qf4 h6 24. Nf3 Ne4 25. Rc2 Qb3 26. Ne1 b6 27. f3
Nf6 28. Qc7 d4 29. Bc4 Qe3+ 30. Kf1 d3 31. Rc3 Qe2+ 32. Kg1 Qxe1+ 33. Kh2 Nd5
34. Bxd5 Rxd5 35. Qxa7 Qxc3 0-1

[Event "7. Open C.A. Ciudad los Angeles 2012"]
[Site "Madrid ESP"]
[Date "2013.04.28"]
[Round "4.19"]
[White "Cortijo Manso, Luis"]
[Black "Murciano Cespedosa, Antonio"]
[Result "0-1"]
[WhiteElo "1520"]
[BlackElo "1743"]
[PlyCount "58"]
[EventDate "2013.04.07"]
[EventType "swiss"]
[EventRounds "9"]
[EventCountry "ESP"]
[SourceTitle "Ajedrez en Madrid"]
[Source "lmi"]
[SourceDate "2013.04.07"]
[SourceVersion "1"]
[SourceVersionDate "2013.08.06"]
[SourceQuality "1"]

1. d4 Nf6 2. Nf3 g6 3. g3 Bg7 4. Bg2 O-O 5. c4 c5 6. d5 d6 7. Nc3 Nbd7 8. O-O
Nb6 9. Qd3 Re8 10. b3 Bf5 11. Qe3 e6 12. Bb2 exd5 13. Qd2 dxc4 14. Nb5 Ne4 15.
Qc1 Bxb2 16. Qxb2 a6 17. Nc3 Qf6 18. Rac1 Nxc3 19. Qxc3 Qxc3 20. Rxc3 Rxe2 21.
bxc4 Rxa2 22. Nh4 Be6 23. Bxb7 Rb8 24. Bg2 Nxc4 25. Nf3 Nd2 26. Nxd2 Rxd2 27.
Bf3 Bf5 28. Rd1 Rxd1+ 29. Bxd1 Rb1 0-1

[Event "7. Open C.A. Ciudad los Angeles 2012"]
[Site "Madrid ESP"]
[Date "2013.04.28"]
[Round "4.20"]
[White "Gines Martinez, Andres"]
[Black "Yeves Miquel, Enrique"]
[Result "0-1"]
[WhiteElo "1510"]
[BlackElo "1737"]
[PlyCount "80"]
[EventDate "2013.04.07"]
[EventType "swiss"]
[EventRounds "9"]
[EventCountry "ESP"]
[SourceTitle "Ajedrez en Madrid"]
[Source "lmi"]
[SourceDate "2013.04.07"]
[SourceVersion "1"]
[SourceVersionDate "2013.08.06"]
[SourceQuality "1"]

1. e4 c5 2. Nf3 e6 3. d3 Nc6 4. Nbd2 d5 5. g3 Nf6 6. Bg2 Be7 7. O-O b6 8. Re1
O-O 9. c3 Bb7 10. h4 Ba6 11. Nf1 dxe4 12. dxe4 Qc8 13. Bg5 Rd8 14. Qc1 Bb7 15.
N1h2 Qc7 16. Bf4 e5 17. Bg5 Bc8 18. Qe3 Be6 19. b3 c4 20. bxc4 Bxc4 21. Bf1 Be6
22. Bxf6 Bxf6 23. Kg2 Na5 24. h5 h6 25. Be2 Rd6 26. g4 Rad8 27. g5 hxg5 28.
Nxg5 Bxg5 29. Qxg5 Qxc3 30. Ng4 Bxg4 31. Bxg4 Qd2 32. Qxe5 Rf6 33. Bf5 Qg5+ 34.
Kf1 Qxh5 35. Rad1 Rf8 36. Qc7 Nc6 37. Qd7 Ne5 38. Qc7 Qh1+ 39. Ke2 Qf3+ 40. Kf1
Rh6 0-1

[Event "7. Open C.A. Ciudad los Angeles 2012"]
[Site "Madrid ESP"]
[Date "2013.04.28"]
[Round "4.21"]
[White "Benitez Robles, Antonio"]
[Black "Juarez De Vena, Antonio"]
[Result "0-1"]
[WhiteElo "1483"]
[BlackElo "1697"]
[PlyCount "82"]
[EventDate "2013.04.07"]
[EventType "swiss"]
[EventRounds "9"]
[EventCountry "ESP"]
[SourceTitle "Ajedrez en Madrid"]
[Source "lmi"]
[SourceDate "2013.04.07"]
[SourceVersion "1"]
[SourceVersionDate "2013.08.06"]
[SourceQuality "1"]

1. d4 d5 2. c4 e6 3. Nc3 Nf6 4. Bg5 Nbd7 5. Nf3 Be7 6. e3 O-O 7. Bd3 c5 8. O-O
Re8 9. Qc2 h6 10. Bxf6 Nxf6 11. Ne5 cxd4 12. exd4 dxc4 13. Be2 Qxd4 14. Nf3 Qc5
15. Na4 Qc7 16. b3 Bd7 17. Nb2 c3 18. Nd1 Rac8 19. Nd4 Red8 20. Bb5 Bc5 21.
Bxd7 Qxd7 22. Ne2 Qd2 23. Qxd2 cxd2 24. Nec3 Bd4 25. Rb1 Bxc3 26. Ne3 Bb4 27.
a3 Bxa3 28. Ra1 Bb4 29. Nc4 b5 30. Ne3 a5 31. g4 Rd3 32. Rab1 Bc5 33. Nd1 Nxg4
34. h3 Rg3+ 35. Kh1 Rxh3+ 36. Kg1 Bb6 37. Kg2 Rd3 38. Kg1 Rc1 39. Nb2 Rxb1 40.
Rxb1 Rxb3 41. Kf1 Rxb2 0-1

[Event "7. Open C.A. Ciudad los Angeles 2012"]
[Site "Madrid ESP"]
[Date "2013.04.28"]
[Round "4.22"]
[White "Lopez-Andujar Ocaña, Ramon"]
[Black "De Pablo Peña, Miguel Angel"]
[Result "1-0"]
[WhiteElo "1684"]
[BlackElo "1635"]
[PlyCount "179"]
[EventDate "2013.04.07"]
[EventType "swiss"]
[EventRounds "9"]
[EventCountry "ESP"]
[SourceTitle "Ajedrez en Madrid"]
[Source "lmi"]
[SourceDate "2013.04.07"]
[SourceVersion "1"]
[SourceVersionDate "2013.08.06"]
[SourceQuality "1"]

1. e4 c5 2. Nf3 Nc6 3. d4 cxd4 4. Nxd4 Nf6 5. Nc3 e5 6. Nde2 Bb4 7. a3 Ba5 8.
b4 Bb6 9. h3 Nd4 10. Be3 Qc7 11. Qd3 Ne6 12. Nb5 Qc6 13. Nd6+ Kf8 14. Bxb6 Qxb6
15. c3 Ke7 16. Nf5+ Kf8 17. g3 g6 18. Nd6 Ng5 19. Bg2 Ke7 20. h4 Nf3+ 21. Bxf3
Qxd6 22. Qxd6+ Kxd6 23. O-O-O+ Ke7 24. c4 b6 25. Kb2 Bb7 26. Nc3 Rac8 27. Kb3
Rc7 28. Nb5 Rc6 29. Nxa7 Re6 30. Rhe1 h5 31. Bg2 Ng4 32. f3 Nh6 33. Rd2 f5 34.
Bh3 d6 35. Nb5 Rf6 36. exf5 gxf5 37. f4 e4 38. Red1 Nf7 39. Nd4 Nh6 40. Re2 Rg8
41. Re3 d5 42. c5 bxc5 43. bxc5 Rc8 44. Kb4 Bc6 45. Nxc6+ Rfxc6 46. Rxd5 Ke6
47. Re5+ Kf6 48. Kb5 Ng4 49. Bxg4 hxg4 50. a4 R6c7 51. Kb6 Rc6+ 52. Kb5 R6c7
53. Kc4 Ra8 54. Ra3 Rca7 55. c6 Rc7 56. Kb5 Rb8+ 57. Kc5 Rbc8 58. Kb5 Rxc6 59.
a5 R6c7 60. a6 Rb8+ 61. Ka5 Ra7 62. Rc3 Rb1 63. Rc6+ Kg7 64. Rxf5 Ra1+ 65. Kb5
Rb1+ 66. Ka5 Ra1+ 67. Kb4 Rb1+ 68. Ka3 Ra1+ 69. Kb2 R1xa6 70. Rxa6 Rxa6 71.
Rg5+ Kh6 72. Rxg4 Re6 73. Kc2 e3 74. Kd1 e2+ 75. Ke1 Re3 76. Rg5 Re4 77. Re5
Ra4 78. Kxe2 Ra2+ 79. Kf3 Ra3+ 80. Re3 Ra1 81. Kg4 Ra8 82. Re6+ Kg7 83. Kg5
Ra5+ 84. f5 Ra3 85. g4 Kf7 86. h5 Ra8 87. h6 Rg8+ 88. Rg6 Ra8 89. h7 Rb8 90.
Rg8 1-0

[Event "7. Open C.A. Ciudad los Angeles 2012"]
[Site "Madrid ESP"]
[Date "2013.04.28"]
[Round "4.23"]
[White "Ballesteros Jimenez, Miguel A"]
[Black "Caño Nieto, Jose Luis"]
[Result "0-1"]
[WhiteElo "1672"]
[BlackElo "1587"]
[PlyCount "128"]
[EventDate "2013.04.07"]
[EventType "swiss"]
[EventRounds "9"]
[EventCountry "ESP"]
[SourceTitle "Ajedrez en Madrid"]
[Source "lmi"]
[SourceDate "2013.04.07"]
[SourceVersion "1"]
[SourceVersionDate "2013.08.06"]
[SourceQuality "1"]

1. e4 e5 2. Nf3 Nc6 3. d4 exd4 4. Bc4 Be7 5. c3 d6 6. cxd4 Bg4 7. O-O Nf6 8.
Bxf7+ Kxf7 9. Ng5+ Ke8 10. Qb3 d5 11. exd5 Qxd5 12. Qxb7 Nxd4 13. Qxd5 Nxd5 14.
Na3 Ne2+ 15. Kh1 Nxc1 16. f3 Rf8 17. Nxh7 Rh8 18. Raxc1 Bxf3 19. Rxf3 Rxh7 20.
Nb5 a6 21. Nxc7+ Nxc7 22. Rxc7 g6 23. Re3 Rf7 24. g3 Kd8 25. Rb7 Ke8 26. g4 Rh7
27. Re6 g5 28. Rg6 Rf7 29. Re6 Kd8 30. Rc6 Ke8 31. Kg2 a5 32. Re6 Kd8 33. Rg6
Ke8 34. Rbb6 Kf8 35. Rh6 Ke8 36. Rbe6 Kd7 37. Ra6 Rxa6 38. Rxa6 Bd8 39. Ra7+
Ke8 40. Rxf7 Kxf7 41. Kf3 Ke6 42. Ke4 Bc7 43. h3 Bb6 44. Kf3 Ke5 45. Kg3 Bc7
46. Kf3 Kd4 47. Ke2 Bd8 48. b3 Kc3 49. Ke3 Kb2 50. Kd3 Kxa2 51. Kc4 Ka3 52. Kc3
Bf6+ 53. Kc4 Be7 54. Kb5 Kxb3 55. Kxa5 Kc4 56. Kb6 Kd4 57. Kc6 Ke4 58. Kd7 Bb4
59. Ke6 Bd2 60. Kf6 Kf3 61. Kf5 Kg3 62. h4 gxh4 63. g5 Bxg5 64. Kxg5 h3 0-1

[Event "7. Open C.A. Ciudad los Angeles 2012"]
[Site "Madrid ESP"]
[Date "2013.04.28"]
[Round "4.26"]
[White "Garcia Minguez, Antonio"]
[Black "Lopez Ziegler, Juan Jose"]
[Result "1-0"]
[WhiteElo "1494"]
[BlackElo "1515"]
[PlyCount "33"]
[EventDate "2013.04.07"]
[EventType "swiss"]
[EventRounds "9"]
[EventCountry "ESP"]
[SourceTitle "Ajedrez en Madrid"]
[Source "lmi"]
[SourceDate "2013.04.07"]
[SourceVersion "1"]
[SourceVersionDate "2013.08.06"]
[SourceQuality "1"]

1. d4 Nf6 2. c4 e6 3. a3 c5 4. e3 Qc7 5. Nc3 a6 6. Nf3 d6 7. Be2 Nbd7 8. O-O
Nb6 9. h3 cxd4 10. exd4 Nxc4 11. Qa4+ Bd7 12. Qxc4 Qb8 13. Qd3 Bc6 14. Bf4 Nh5
15. Bh2 h6 16. Nd2 Qc7 17. Bxh5 1-0

[Event "7. Open C.A. Ciudad los Angeles 2012"]
[Site "Madrid ESP"]
[Date "2013.05.05"]
[Round "5.1"]
[White "Marcos Herrero, Francisco"]
[Black "Rodriguez Dorado, Victor"]
[Result "0-1"]
[WhiteElo "1912"]
[BlackElo "1924"]
[PlyCount "86"]
[EventDate "2013.04.07"]
[EventType "swiss"]
[EventRounds "9"]
[EventCountry "ESP"]
[SourceTitle "Ajedrez en Madrid"]
[Source "lmi"]
[SourceDate "2013.04.07"]
[SourceVersion "1"]
[SourceVersionDate "2013.08.06"]
[SourceQuality "1"]

1. d4 Nf6 2. c4 g6 3. g3 Bg7 4. Bg2 d6 5. Nf3 O-O 6. Nc3 Nbd7 7. O-O e5 8. e4
a6 9. h3 b5 10. dxe5 dxe5 11. Bg5 h6 12. Bxf6 Qxf6 13. Nd5 Qd6 14. Qc2 c6 15.
Ne3 Qc5 16. Rac1 b4 17. Nd2 a5 18. Nb3 Qe7 19. Rfd1 a4 20. Nd2 Nc5 21. Nf3 Bb7
22. Ne1 Ne6 23. Rd2 Nd4 24. Qd1 b3 25. a3 Rad8 26. c5 Ba6 27. Bf1 Bxf1 28. Kxf1
f5 29. exf5 gxf5 30. Qh5 f4 31. Ng4 Qe6 32. Qh4 Rd7 33. Rcd1 Kh7 34. Kg1 Qg6
35. gxf4 exf4 36. f3 Nf5 37. Qf2 Rxd2 38. Qxd2 h5 39. Qxf4 hxg4 40. hxg4 Nd4
41. Qc7 Nxf3+ 42. Nxf3 Qxg4+ 43. Kh2 Rxf3 0-1

[Event "7. Open C.A. Ciudad los Angeles 2012"]
[Site "Madrid ESP"]
[Date "2013.05.05"]
[Round "5.2"]
[White "Lopez Ziegler, Carlos"]
[Black "Largo Barbero, Benito"]
[Result "1-0"]
[WhiteElo "1913"]
[BlackElo "1879"]
[PlyCount "65"]
[EventDate "2013.04.07"]
[EventType "swiss"]
[EventRounds "9"]
[EventCountry "ESP"]
[SourceTitle "Ajedrez en Madrid"]
[Source "lmi"]
[SourceDate "2013.04.07"]
[SourceVersion "1"]
[SourceVersionDate "2013.08.06"]
[SourceQuality "1"]

1. e4 d5 2. exd5 Qxd5 3. Nc3 Qa5 4. g3 Nf6 5. Bg2 c6 6. Nge2 Bg4 7. O-O Qh5 8.
f3 Bd7 9. d4 Na6 10. b4 Nd5 11. Ne4 f5 12. Nc5 Nxc5 13. bxc5 Qf7 14. c4 Nc7 15.
Bf4 Ne6 16. Be5 Rg8 17. Qb3 Bc8 18. Rad1 g5 19. f4 Bg7 20. Bxg7 Rxg7 21. Qe3
Bd7 22. d5 Nd8 23. fxg5 Qf8 24. Nf4 Qf7 25. Rfe1 Rc8 26. Ne6 Rg6 27. Nf4 Rg7
28. h4 Rb8 29. Qe5 Rc8 30. Nh5 Qxh5 31. Qxg7 Qf7 32. Qh8+ Qf8 33. Qxh7 1-0

[Event "7. Open C.A. Ciudad los Angeles 2012"]
[Site "Madrid ESP"]
[Date "2013.05.05"]
[Round "5.3"]
[White "Garcia De Quesada Y Fort, Ignacio"]
[Black "Ruiz Sanchez, Roberto"]
[Result "0-1"]
[WhiteElo "1926"]
[BlackElo "1981"]
[PlyCount "82"]
[EventDate "2013.04.07"]
[EventType "swiss"]
[EventRounds "9"]
[EventCountry "ESP"]
[SourceTitle "Ajedrez en Madrid"]
[Source "lmi"]
[SourceDate "2013.04.07"]
[SourceVersion "1"]
[SourceVersionDate "2013.08.06"]
[SourceQuality "1"]

1. d4 d5 2. c4 c6 3. Nf3 Nf6 4. e3 e6 5. Nc3 Nbd7 6. Bd2 Bd6 7. b3 O-O 8. Bd3
Qe7 9. Rc1 e5 10. dxe5 Nxe5 11. Nxe5 Qxe5 12. cxd5 Nxd5 13. Bb1 Re8 14. Nxd5
cxd5 15. Bc3 Qg5 16. Kf1 Bg4 17. h4 Qh5 18. Qd4 Be5 19. Qd2 Rac8 20. Bxe5 Rxc1+
21. Qxc1 Qxe5 22. f3 Bd7 23. Kf2 d4 24. Re1 dxe3+ 25. Rxe3 Qd4 26. g3 Rxe3 27.
Qxe3 Qb2+ 28. Qe2 Qxb1 29. g4 g6 30. h5 gxh5 31. gxh5 Qf5 32. Qd2 Bc6 33. Qd8+
Kg7 34. Qd4+ f6 35. h6+ Kxh6 36. Qe3+ Kh5 37. Kg3 Qxf3+ 38. Qxf3+ Bxf3 39. Kxf3
Kg5 40. b4 b5 41. a3 Kf5 0-1

[Event "7. Open C.A. Ciudad los Angeles 2012"]
[Site "Madrid ESP"]
[Date "2013.05.05"]
[Round "5.4"]
[White "Fernandez Bonilla, M. Arcangel"]
[Black "Lobato Rivero, Carlos"]
[Result "0-1"]
[WhiteElo "1769"]
[BlackElo "1964"]
[PlyCount "96"]
[EventDate "2013.04.07"]
[EventType "swiss"]
[EventRounds "9"]
[EventCountry "ESP"]
[SourceTitle "Ajedrez en Madrid"]
[Source "lmi"]
[SourceDate "2013.04.07"]
[SourceVersion "1"]
[SourceVersionDate "2013.08.06"]
[SourceQuality "1"]

1. c4 Nf6 2. Nc3 g6 3. g3 Bg7 4. Bg2 e5 5. d3 O-O 6. Nf3 Re8 7. O-O c6 8. Bg5
h6 9. Bxf6 Qxf6 10. Ne4 Qe7 11. c5 Na6 12. Nd6 Rd8 13. Qc2 Bf8 14. Rab1 Nxc5
15. Nxc8 Raxc8 16. Bh3 Bg7 17. Rfc1 Ne6 18. b4 a6 19. e3 d5 20. Nd2 f5 21. a3
Rc7 22. Qa2 Kh7 23. Rc2 Rf8 24. Rf1 g5 25. Qb1 g4 26. Bg2 f4 27. Re1 fxg3 28.
fxg3 Qg5 29. Qc1 Rcf7 30. Nb3 Qg6 31. Qd1 h5 32. Rf1 Ng5 33. Rxf7 Rxf7 34. Rf2
Bh6 35. Rxf7+ Qxf7 36. Qe2 Nf3+ 37. Bxf3 gxf3 38. Qe1 d4 39. exd4 Qxb3 40. Qe4+
Kg7 41. Qxe5+ Kf8 42. Qf6+ Ke8 43. Qh8+ Kd7 44. Qh7+ Kc8 45. Qh8+ Kc7 46. Qe5+
Kd7 47. Qf5+ Qe6 48. Qh7+ Kd6 0-1

[Event "7. Open C.A. Ciudad los Angeles 2012"]
[Site "Madrid ESP"]
[Date "2013.05.05"]
[Round "5.5"]
[White "Brull Cortes, Boris"]
[Black "Magan Gonzalez, Alberto"]
[Result "1-0"]
[WhiteElo "1953"]
[BlackElo "1855"]
[PlyCount "83"]
[EventDate "2013.04.07"]
[EventType "swiss"]
[EventRounds "9"]
[EventCountry "ESP"]
[SourceTitle "Ajedrez en Madrid"]
[Source "lmi"]
[SourceDate "2013.04.07"]
[SourceVersion "1"]
[SourceVersionDate "2013.08.06"]
[SourceQuality "1"]

1. d4 Nf6 2. Bg5 Ne4 3. Bf4 d5 4. e3 Nd7 5. Bd3 e6 6. Ne2 Bd6 7. Bxe4 dxe4 8.
Nbc3 f5 9. Nb5 Bxf4 10. Nxf4 Nf6 11. d5 a6 12. Nc3 Qe7 13. Qe2 e5 14. Nh5 O-O
15. Nxf6+ Rxf6 16. O-O-O Rd6 17. g4 b5 18. a3 Bd7 19. Rhg1 Rb8 20. Rg2 b4 21.
axb4 Rxb4 22. gxf5 Bxf5 23. Qh5 Bg6 24. Qg4 Qf8 25. h4 Rdb6 26. h5 Bf5 27. Qg3
Rxb2 28. Qxe5 R2b4 29. Rdg1 g6 30. Rg5 Rf6 31. Qxc7 Rb8 32. Qe5 Rc8 33. d6 h6
34. Rxg6+ Bxg6 35. Nxe4 Rxc2+ 36. Kxc2 Rxf2+ 37. Kc3 Qc8+ 38. Nc5 Rc2+ 39. Kb3
Qb8+ 40. Ka3 Rxc5 41. Rxg6+ Kf8 42. Qe7# 1-0

[Event "7. Open C.A. Ciudad los Angeles 2012"]
[Site "Madrid ESP"]
[Date "2013.05.05"]
[Round "5.6"]
[White "Leniz Martinez, Francisco"]
[Black "Soto Martin, Miguel"]
[Result "0-1"]
[WhiteElo "1771"]
[BlackElo "1524"]
[PlyCount "58"]
[EventDate "2013.04.07"]
[EventType "swiss"]
[EventRounds "9"]
[EventCountry "ESP"]
[SourceTitle "Ajedrez en Madrid"]
[Source "lmi"]
[SourceDate "2013.04.07"]
[SourceVersion "1"]
[SourceVersionDate "2013.08.06"]
[SourceQuality "1"]

1. e4 c5 2. Nf3 e6 3. d4 cxd4 4. Nxd4 a6 5. Bd3 Qc7 6. O-O Nf6 7. Nc3 Bc5 8.
Nb3 Be7 9. f4 d6 10. Be3 O-O 11. Qe2 b6 12. Rad1 Bb7 13. a3 Nbd7 14. h3 Nc5 15.
Nxc5 bxc5 16. b3 d5 17. exd5 exd5 18. Na4 d4 19. Bc1 Qc6 20. Rde1 Rfe8 21. Qf2
Bd6 22. Qg3 Nh5 23. Qh2 Rxe1 24. Rxe1 Nxf4 25. Bxf4 Bxf4 26. g3 Be3+ 27. Kf1
Qf6+ 28. Ke2 Bf3+ 29. Kf1 Bd1+ 0-1